Statystyki dla Premierzy Polski po 1989 roku

Kliknij tutaj aby rozwiązać quiz!

Ogólne statystyki

  • Ten quiz został rozwiązany 534 razy
  • Średni wynik to 13 z 17

Statystyki odpowiedzi

OkresImię i Nazwisko% Poprawnych
od 11 grudnia 2017- aktualnieMateusz Morawiecki
99%
od 16 listopada 2007 do 22 września 2014Donald Tusk
97%
od 16 listopada 2015 do 11 grudnia 2017Beata Szydło
96%
od 14 lipca 2006 do 16 listopada 2007Jarosław Kaczyński
94%
od 22 września 2014 do 16 listopada 2015Ewa Kopacz
92%
od 24 sierpnia 1989 do 4 stycznia 1991Tadeusz Mazowiecki
84%
od 19 października 2001 do 2 maja 2004Leszek Miller
81%
od 10 lipca 1992 do 26 października 1993Hanna Suchocka
70%
od 26 października 1993 do 6 marca 1995Waldemar Pawlak
69%
od 5 czerwca 1992 do 10 lipca 1992Waldemar Pawlak
69%
od 6 grudnia 1991 do 5 czerwca 1992Jan Olszewski
66%
od 31 października 1997 do 19 października 2001Jerzy Buzek
66%
od 20 lipca 2006 do 2 grudnia 2006Kazimierz Marcinkiewicz
65%
od 7 marca 1995 do 7 lutego 1996Józef Oleksy
63%
od 2 maja 2004 do 31 października 2005Marek Belka
61%
od 7 lutego 1996 do 31 października 1997Włodzimierz Cimoszewicz
60%
od 4 stycznia 1991 do 6 grudnia 1991Jan Krzysztof Bielecki
50%

Rozkład punktacji

Percentyl według liczby udzielonych odpowiedzi

Procent ludzi z każdym wynikiem

Twoja historia wyników

Nie rozwiązałeś tego quizu